<?xml version="1.0" encoding="UTF-8"?>
<record
    xmlns:xsi="http://www.w3.org/2001/XMLSchema-instance"
    xsi:schemaLocation="http://www.loc.gov/MARC21/slim http://www.loc.gov/standards/marcxml/schema/MARC21slim.xsd"
    xmlns="http://www.loc.gov/MARC21/slim">

  <leader>03596nam a2200469Ii 4500</leader>
  <controlfield tag="001">DIGEDUNAV0220</controlfield>
  <controlfield tag="003">NyNyDIG</controlfield>
  <controlfield tag="006">m     o  d        </controlfield>
  <controlfield tag="008">190322s2013    sp      ob    100 0 spa d</controlfield>
  <controlfield tag="007">cr |||||||||||</controlfield>
  <datafield tag="035" ind1=" " ind2=" ">
    <subfield code="a">(OCoLC)1054041055</subfield>
  </datafield>
  <datafield tag="040" ind1=" " ind2=" ">
    <subfield code="a">DGITA</subfield>
    <subfield code="b">eng</subfield>
    <subfield code="e">rda</subfield>
    <subfield code="e">pn</subfield>
    <subfield code="c">DGITA</subfield>
  </datafield>
  <datafield tag="020" ind1=" " ind2=" ">
    <subfield code="z">9788431329228</subfield>
  </datafield>
  <datafield tag="020" ind1=" " ind2=" ">
    <subfield code="z">843132922X</subfield>
  </datafield>
  <datafield tag="043" ind1=" " ind2=" ">
    <subfield code="a">e-sp---</subfield>
  </datafield>
  <datafield tag="050" ind1="1" ind2="4">
    <subfield code="a">PQ6105 ebook</subfield>
  </datafield>
  <datafield tag="082" ind1="0" ind2="4">
    <subfield code="a">862.309</subfield>
  </datafield>
  <datafield tag="245" ind1="0" ind2="0">
    <subfield code="a">Comedia burlesca y teatro breve del Siglo de Oro /</subfield>
    <subfield code="c">Alain B&#xE8;gue, Carlos Mata Indur&#xE1;in, Pietro Taravacci (editores).</subfield>
  </datafield>
  <datafield tag="264" ind1=" " ind2="1">
    <subfield code="a">Bara&#xF1;&#xE1;in (Navarra), Espa&#xF1;a :</subfield>
    <subfield code="b">EUNSA, Ediciones Universidad de Navarra, S.A.,</subfield>
    <subfield code="c">[2013]</subfield>
  </datafield>
  <datafield tag="300" ind1=" " ind2=" ">
    <subfield code="a">1 online resource.</subfield>
  </datafield>
  <datafield tag="336" ind1=" " ind2=" ">
    <subfield code="a">text</subfield>
    <subfield code="2">rdacontent</subfield>
  </datafield>
  <datafield tag="337" ind1=" " ind2=" ">
    <subfield code="a">computer</subfield>
    <subfield code="b">c</subfield>
    <subfield code="2">rdamedia</subfield>
  </datafield>
  <datafield tag="338" ind1=" " ind2=" ">
    <subfield code="a">online resource</subfield>
    <subfield code="b">cr</subfield>
    <subfield code="2">rdacarrier</subfield>
  </datafield>
  <datafield tag="490" ind1="1" ind2=" ">
    <subfield code="a">Publicaciones de literatura, Departamento de filolog&#xED;a ;</subfield>
    <subfield code="v">27</subfield>
  </datafield>
  <datafield tag="504" ind1=" " ind2=" ">
    <subfield code="a">Includes bibliographical references.</subfield>
  </datafield>
  <datafield tag="505" ind1="0" ind2=" ">
    <subfield code="a">De C&#xE1;diz a la corte: una loa particular y su refundici&#xF3;n palaciega en las postrimer&#xED;as del siglo XVII / Alain B&#xE8;gue -- La comedia burlesca y su puesta en escena / Mar&#xED;a Jos&#xE9; Casado Santos -- Entre versos anda el juego: aurorreestructura burlesca y versificaci&#xF3;n / Daniele Crivellari -- La parodia de la materia caballeresca en &#xE1;mbito cortesano (a prop&#xF3;sito de Feliciano de Silva, la comedia Las aventuras de Grecia y su model serio, el Don Florisel de Niquea de Montalb&#xE1;n) / Alberto del R&#xED;o Nogueras -- La fama en la parodia: Juan P&#xE9;rez de Montalb&#xE1;n y sus reescritores burlescos / Claudia Dematt&#xE8; -- La indumentaria del figur&#xF3;n en entremeses y comedias / Judith Farr&#xE9; Vidal -- El Entrem&#xE9;s de los rufianes y una coincidencia hist&#xF3;rica / Arnulfo Herrera -- Teatro breve y controversia &#xE9;tica en la Espa&#xF1;a de finales del siglo XVII: realidad vs ficci&#xF3;n / Carine Herzig -- El motivo del jaque defensor de su daifa en la primera generaci&#xF3;n de poetas / Mar&#xED;a Luisa Lobato -- Figuras rid&#xED;culas y alteraci&#xF3;n del poder en las j&#xE1;caras de Quevedo: enlaces y desenlaces con la comedia burlesca / Emmanuel Marigno -- La infanta Palancoma (ante 1616) y la comedia burlesca / Valentina Nider -- La doble cara de la comedia "burlesca" / Maria Grazia Profeti -- En torno a unos entremese insertos en tres comedias de Lope (El mayordomo de la duquesa de Amalfi, La villana de Getafe y El tirano castigado) / Fr&#xE9;d&#xE9;ric Serralta -- Espacio, tiempo y memoria en el juego metateatrol de la comedia burlesca / Pietro Taravacci -- La corte disparatada de Cada cual con su cada cual, comedia burlesca del Barroco tard&#xED;o / Marcella Trambaioli.</subfield>
  </datafield>
  <datafield tag="588" ind1="0" ind2=" ">
    <subfield code="a">Online resource; title from PDF title page (Digitalia, viewed March 30, 2019)</subfield>
  </datafield>
  <datafield tag="650" ind1=" " ind2="0">
    <subfield code="a">Spanish drama</subfield>
    <subfield code="y">Classical period, 1500-1700</subfield>
    <subfield code="x">History and criticism</subfield>
    <subfield code="v">Congresses.</subfield>
  </datafield>
  <datafield tag="650" ind1=" " ind2="0">
    <subfield code="a">Spanish drama (Comedy)</subfield>
    <subfield code="x">History and criticism</subfield>
    <subfield code="v">Congresses.</subfield>
  </datafield>
  <datafield tag="655" ind1=" " ind2="7">
    <subfield code="a">Conference papers and proceedings.</subfield>
    <subfield code="2">lcgft</subfield>
  </datafield>
  <datafield tag="655" ind1=" " ind2="0">
    <subfield code="a">Electronic books.</subfield>
  </datafield>
  <datafield tag="700" ind1="1" ind2=" ">
    <subfield code="a">B&#xE8;gue, Alain,</subfield>
    <subfield code="e">editor.</subfield>
  </datafield>
  <datafield tag="700" ind1="1" ind2=" ">
    <subfield code="a">Mata Indur&#xE1;in, Carlos,</subfield>
    <subfield code="e">editor.</subfield>
  </datafield>
  <datafield tag="700" ind1="1" ind2=" ">
    <subfield code="a">Taravacci, Pietro,</subfield>
    <subfield code="e">editor.</subfield>
  </datafield>
  <datafield tag="791" ind1="2" ind2=" ">
    <subfield code="a">Digitalia (Firm),</subfield>
    <subfield code="e">distributor.</subfield>
  </datafield>
  <datafield tag="793" ind1="0" ind2=" ">
    <subfield code="g">Digitalia eBook Collection:</subfield>
    <subfield code="a">Ediciones Universidad de Navarra</subfield>
  </datafield>
  <datafield tag="776" ind1="0" ind2="8">
    <subfield code="i">Print version:</subfield>
    <subfield code="t">Comedia burlesca y teatro breve del Siglo de Oro.</subfield>
    <subfield code="b">Primera edici&#xF3;n.</subfield>
    <subfield code="d">Pamplona : EUNSA, 2013</subfield>
    <subfield code="z">9788431329228</subfield>
    <subfield code="w">(DLC)  2013408751</subfield>
    <subfield code="w">(OCoLC)856902400</subfield>
  </datafield>
  <datafield tag="830" ind1=" " ind2="0">
    <subfield code="a">Publicaciones de literatura ;</subfield>
    <subfield code="v">27.</subfield>
  </datafield>
  <datafield tag="856" ind1="4" ind2="0">
    <subfield code="3">Digitalia Hisp&#xE1;nica</subfield>
    <subfield code="u">https://www.digitaliapublishing.com/a/51588/</subfield>
  </datafield>
  <datafield tag="910" ind1=" " ind2=" ">
    <subfield code="a">Premium collection: 2019</subfield>
  </datafield>
  <datafield tag="942" ind1=" " ind2=" ">
    <subfield code="c">RAA</subfield>
  </datafield>
  <datafield tag="952" ind1=" " ind2=" ">
    <subfield code="0">0</subfield>
    <subfield code="1">0</subfield>
    <subfield code="4">0</subfield>
    <subfield code="7">0</subfield>
    <subfield code="8">DEH</subfield>
    <subfield code="a">BD-UIN</subfield>
    <subfield code="b">BD-UIN</subfield>
    <subfield code="d">2025-04-25</subfield>
    <subfield code="l">0</subfield>
    <subfield code="r">2025-04-25</subfield>
    <subfield code="w">2025-04-25</subfield>
    <subfield code="y">RAA</subfield>
  </datafield>
  <datafield tag="999" ind1=" " ind2=" ">
    <subfield code="c">252712</subfield>
    <subfield code="d">252712</subfield>
  </datafield>
</record>
